000
00279nam a2200109Ia 4500
008
200302s9999 xx 000 0 und d
100
_a
Marc Kushner
245
_a
Nothing less than literal architecture after minimalism
260
_b
The MIT Press
260
_c
2004
300
_a
282
999
_c
6979
_d
6979